[Event "Niederbayernliga 1011"]
[Site "Germany"]
[Date "2011.01.16"]
[Round "5.6"]
[White "Zankl, Thomas"]
[Black "Denk, Tobias"]
[Result "1/2-1/2"]
[WhiteElo "2013"]
[BlackElo "1823"]
[PlyCount "39"]
[EventDate "2010.10.10"]
[EventType "team-tourn"]
[EventRounds "9"]
[EventCountry "GER"]
[SourceTitle "EXT 2012"]
[Source "ChessBase"]
[SourceDate "2011.11.24"]
[SourceVersion "1"]
[SourceVersionDate "2011.11.24"]
[SourceQuality "1"]
[WhiteTeam "Rottal II"]
[BlackTeam "Ergolding"]
[WhiteTeamCountry "GER"]
[BlackTeamCountry "GER"]

1. d4 Nf6 2. Nf3 g6 3. g3 Bg7 4. Bg2 0-0 5. 0-0 d6 6. c4 c6 7. Nc3 Qc7 8. a4 e5 9. e3 Bg4 10. h3 Be6 11. b3 e4 12. Ng5 d5 13. Ba3 Re8 14. Nxe6 fxe6 15. Rc1 Nbd7 16. b4 Nb6 17. cxd5 exd5 18. Qb3 Nc4 19. Rfd1 h5 20. Bf1 1/2-1/2

[Event "Graz op-A 17th"]
[Site "Graz"]
[Date "2010.08.29"]
[Round "2"]
[White "Horvath, Reka"]
[Black "Zankl, Thomas"]
[Result "1/2-1/2"]
[WhiteElo "1967"]
[BlackElo "2122"]
[PlyCount "32"]
[EventDate "2010.08.21"]
[EventType "swiss"]
[EventRounds "9"]
[EventCountry "AUT"]
[SourceTitle "CBM 138 Extra"]
[Source "ChessBase"]
[SourceDate "2010.10.29"]
[SourceVersion "1"]
[SourceVersionDate "2010.10.29"]
[SourceQuality "1"]

1. e4 e6 2. d4 d5 3. Nd2 dxe4 4. Nxe4 Nd7 5. Bd3 Ngf6 6. Nxf6+ Nxf6 7. Nf3 Be7 8. 0-0 0-0 9. Ne5 c5 10. dxc5 Bxc5 11. Qe2 Qc7 12. Bg5 Be7 13. Rfe1 Nd5 14. Bxe7 Qxe7 15. Qe4 f5 16. Qa4 Qb4 1/2-1/2

[Event "Niederbayern-ch"]
[Site "Mamming"]
[Date "2010.06.05"]
[Round "6"]
[White "Staller, Josef"]
[Black "Zankl, Thomas"]
[Result "0-1"]
[WhiteElo "1676"]
[BlackElo "1972"]
[PlyCount "92"]
[EventDate "2010.06.03"]
[EventType "swiss"]
[EventRounds "7"]
[EventCountry "GER"]
[SourceTitle "EXT 2023"]
[Source "ChessBase"]
[SourceDate "2022.10.05"]
[SourceVersion "1"]
[SourceVersionDate "2022.10.05"]
[SourceQuality "1"]

1. Nf3 Nf6 2. Nc3 c5 3. e4 Nc6 4. a3 d6 5. Bb5 Bd7 6. Bxc6 Bxc6 7. d3 Qc7 8. 0-0 e5 9. Re1 Be7 10. b4 b6 11. Bg5 a6 12. Ne2 h6 13. Bxf6 Bxf6 14. Ng3 g6 15. c3 0-0 16. h3 a5 17. bxc5 dxc5 18. Nh2 Rfd8 19. Qf3 Bg7 20. Rad1 Rd6 21. h4 Rad8 22. h5 Ba4 23. Rd2 c4 24. hxg6 fxg6 25. Re3 Qf7 26. Qxf7+ Kxf7 27. d4 exd4 28. cxd4 Rxd4 29. Rxd4 Rxd4 30. Nf3 Rd1+ 31. Kh2 c3 32. e5 c2 33. Ne2 Bb5 34. Rc3 Bxe2 35. Rxc2 Bxf3 36. gxf3 Bxe5+ 37. Kg2 Bd6 38. Rc6 Bc5 39. Rc7+ Ke6 40. Rc8 Rd2 41. Kg3 Kf5 42. Rh8 h5 43. Rh7 Bxf2+ 44. Kh3 Bc5 45. a4 Bd6 46. Rf7+ Ke6 0-1

[Event "Landesliga Sued 0809"]
[Site "Bayern"]
[Date "2009.03.29"]
[Round "9.8"]
[White "Weichlein, Paul"]
[Black "Zankl, Thomas"]
[Result "0-1"]
[WhiteElo "1857"]
[BlackElo "1860"]
[PlyCount "48"]
[EventDate "2008.10.05"]
[EventType "team-tourn"]
[EventRounds "9"]
[EventCountry "GER"]
[SourceTitle "EXT 2020"]
[Source "ChessBase"]
[SourceDate "2019.10.17"]
[SourceVersion "1"]
[SourceVersionDate "2019.10.17"]
[SourceQuality "1"]
[WhiteTeam "Haunstetten"]
[BlackTeam "Rottal"]
[WhiteTeamCountry "GER"]
[BlackTeamCountry "GER"]

1. d4 Nf6 2. Nf3 g6 3. Nbd2 d5 4. e3 Bg7 5. Bd3 b6 6. Ne5 Bb7 7. c3 0-0 8. 0-0 Nbd7 9. f4 Ne4 10. Qf3 f5 11. c4 e6 12. b4 Nxe5 13. fxe5 dxc4 14. Bxc4 Nxd2 15. Bxe6+ Kh8 16. Qxb7 Nxf1 17. Kxf1 Qe7 18. Qc6 Qxb4 19. a3 Qe7 20. a4 Qh4 21. Qxc7 f4 22. e4 f3 23. g3 Qxh2 24. Ra2 f2 0-1

[Event "Deggendorf op 2nd"]
[Site "Deggendorf"]
[Date "2008.05.17"]
[Round "3"]
[White "Knechtel, Roland"]
[Black "Zankl, Thomas"]
[Result "1/2-1/2"]
[WhiteElo "2223"]
[BlackElo "1891"]
[PlyCount "88"]
[EventDate "2008.05.16"]
[EventType "swiss"]
[EventRounds "5"]
[EventCountry "GER"]
[SourceTitle "CBM 124 Extra"]
[Source "ChessBase"]
[SourceDate "2008.07.03"]
[SourceVersion "1"]
[SourceVersionDate "2008.07.03"]
[SourceQuality "1"]

1. g3 d5 2. Bg2 Nf6 3. d3 Bf5 4. c4 c6 5. cxd5 cxd5 6. Qb3 Qd7 7. Nc3 e6 8. e4 dxe4 9. dxe4 Bg4 10. h3 Bh5 11. e5 Nd5 12. Nxd5 exd5 13. Qxd5 Qxd5 14. Bxd5 Nc6 15. Bxc6+ bxc6 16. f4 Bg6 17. Ne2 Bc5 18. Nc3 Bb4 19. Be3 0-0 20. Rc1 Rfe8 21. Kf2 Bxc3 22. Rxc3 Be4 23. Rd1 Bd5 24. Ra3 a5 25. Rd4 Reb8 26. b3 Rb5 27. Bd2 Be6 28. h4 c5 29. Rda4 Kf8 30. Rxa5 Raxa5 31. Rxa5 Rxa5 32. Bxa5 c4 33. bxc4 Bxc4 34. Bb4+ Ke8 35. a4 Kd7 36. Ke3 Kc6 37. Kd4 Bb3 38. a5 Be6 39. Bc5 Kb5 40. Bb6 h5 41. f5 Bxf5 42. Kd5 g6 43. Kd6 Be6 44. Kc7 Ka6 1/2-1/2

[Event "Niederbayernliga 0708"]
[Site "Germany"]
[Date "2007.01.20"]
[Round "5.1"]
[White "Schubert, Werner"]
[Black "Zankl, Thomas"]
[Result "1-0"]
[WhiteElo "2021"]
[BlackElo "1866"]
[PlyCount "61"]
[EventDate "2007.10.21"]
[EventType "team"]
[EventRounds "9"]
[EventCountry "GER"]
[SourceTitle "EXT 2009"]
[Source "ChessBase"]
[SourceDate "2008.11.26"]
[SourceVersion "1"]
[SourceVersionDate "2008.11.26"]
[SourceQuality "1"]
[WhiteTeam "Geiselhoering"]
[BlackTeam "Vilshofen"]
[WhiteTeamCountry "GER"]
[BlackTeamCountry "GER"]

1. c4 Nf6 2. Nc3 g6 3. e4 d6 4. d4 Bg7 5. Be2 0-0 6. Bg5 h6 7. Bf4 c5 8. d5 Na6 9. Qd2 Kh7 10. h3 Qa5 11. Nf3 Bd7 12. 0-0 Rfb8 13. e5 Ne8 14. Bd3 Qd8 15. e6 fxe6 16. Nh4 exd5 17. Bxg6+ Kg8 18. Bxh6 e6 19. g3 Qf6 20. cxd5 Qd4 21. Qg5 Qf6 22. Qh5 Bxh6 23. Qxh6 Qg7 24. Qxg7+ Kxg7 25. dxe6 Bxe6 26. Rfe1 Nac7 27. Re2 d5 28. Rae1 Kf6 29. Rxe6+ Nxe6 30. Nxd5+ Kg7 31. Rxe6 1-0

[Event "Niederbayernliga 0607"]
[Site "Germany"]
[Date "2007.??.??"]
[Round "8.1"]
[White "Zankl, Thomas"]
[Black "Schaefer, Udo"]
[Result "0-1"]
[WhiteElo "1890"]
[BlackElo "1868"]
[PlyCount "72"]
[EventDate "2006.??.??"]
[EventType "team"]
[EventRounds "9"]
[EventCountry "GER"]
[SourceTitle "EXT 2008"]
[Source "ChessBase"]
[SourceDate "2007.11.25"]
[SourceVersion "1"]
[SourceVersionDate "2007.11.25"]
[SourceQuality "1"]
[WhiteTeam "Vilshofen"]
[BlackTeam "Deggendorf II"]
[WhiteTeamCountry "GER"]
[BlackTeamCountry "GER"]

1. d4 Nf6 2. c4 g6 3. Nc3 c5 4. d5 d6 5. e4 e5 6. f3 Bg7 7. Bg5 h6 8. Be3 0-0 9. Qd2 Kh7 10. Bd3 a6 11. Nge2 Nbd7 12. h4 Ng8 13. g4 Re8 14. Ng3 Nf8 15. Ke2 Rb8 16. Raf1 Bd7 17. a4 b6 18. Rfg1 Rb7 19. Bg5 f6 20. Be3 Qe7 21. g5 h5 22. Kd1 Reb8 23. f4 exf4 24. Bxf4 Be8 25. Re1 Kh8 26. Kc2 Nd7 27. Qd1 Ne5 28. Bxe5 Qxe5 29. Qf3 fxg5 30. hxg5 Qxg5 31. Reg1 Qe5 32. Nge2 Rf7 33. Qh3 Bd7 34. Qg2 Ne7 35. Ng3 Rbf8 36. Nd1 Rf2+ 0-1

[Event "Deggendorf op"]
[Site "Deggendorf"]
[Date "2006.06.16"]
[Round "3"]
[White "Latzel, Wolfgang"]
[Black "Zankl, Thomas"]
[Result "1/2-1/2"]
[WhiteElo "1820"]
[BlackElo "1895"]
[PlyCount "40"]
[EventDate "2006.06.15"]
[EventType "swiss"]
[EventRounds "7"]
[EventCountry "GER"]
[SourceTitle "EXT 2008"]
[Source "ChessBase"]
[SourceDate "2007.11.25"]
[SourceVersion "1"]
[SourceVersionDate "2007.11.25"]
[SourceQuality "1"]

1. e4 c6 2. d4 d5 3. Nd2 dxe4 4. Nxe4 Bf5 5. Ng3 Bg6 6. h4 h6 7. Nf3 Nd7 8. Bd3 Bxd3 9. Qxd3 Ngf6 10. Bd2 Qc7 11. Ne4 e6 12. 0-0-0 0-0-0 13. Nxf6 gxf6 14. Qe2 Bd6 15. g3 e5 16. c4 Rde8 17. Rhe1 Qd8 18. dxe5 fxe5 19. Bc3 Qc7 20. Nd4 Be7 1/2-1/2

[Event "Deggendorf op"]
[Site "Deggendorf"]
[Date "2006.06.15"]
[Round "2"]
[White "Zankl, Thomas"]
[Black "Schmid, Franz"]
[Result "1/2-1/2"]
[WhiteElo "1895"]
[BlackElo "2137"]
[PlyCount "30"]
[EventDate "2006.06.15"]
[EventType "swiss"]
[EventRounds "7"]
[EventCountry "GER"]
[SourceTitle "EXT 2008"]
[Source "ChessBase"]
[SourceDate "2007.11.25"]
[SourceVersion "1"]
[SourceVersionDate "2007.11.25"]
[SourceQuality "1"]

1. d4 d5 2. Nf3 e6 3. g3 c5 4. Bg2 Nc6 5. 0-0 Nf6 6. b3 Qb6 7. Bb2 c4 8. e3 Be7 9. Ba3 Bxa3 10. Nxa3 Qa5 11. Qc1 b5 12. bxc4 bxc4 13. Ne5 Qa6 14. Naxc4 0-0 15. Nxc6 Qxc6 1/2-1/2

[Event "Niederbayernliga 0607"]
[Site "Germany"]
[Date "2006.??.??"]
[Round "2.1"]
[White "Kreuzer, Klaus"]
[Black "Zankl, Thomas"]
[Result "1/2-1/2"]
[WhiteElo "1989"]
[BlackElo "1890"]
[PlyCount "36"]
[EventDate "2006.??.??"]
[EventType "team"]
[EventRounds "9"]
[EventCountry "GER"]
[SourceTitle "EXT 2008"]
[Source "ChessBase"]
[SourceDate "2007.11.25"]
[SourceVersion "1"]
[SourceVersionDate "2007.11.25"]
[SourceQuality "1"]
[WhiteTeam "Ergolding"]
[BlackTeam "Vilshofen"]
[WhiteTeamCountry "GER"]
[BlackTeamCountry "GER"]

1. Nf3 Nf6 2. g3 d5 3. Bg2 e6 4. 0-0 Bd6 5. d3 0-0 6. Nbd2 c6 7. e4 e5 8. Re1 Re8 9. Qe2 Bg4 10. Qf1 h6 11. h3 Bxf3 12. Nxf3 dxe4 13. dxe4 Qa5 14. Nd2 b5 15. Nb3 Qc7 16. Be3 Nbd7 17. c4 a6 18. Rec1 b4 1/2-1/2

[Event "Landesliga Sued 0001"]
[Site "Bayern"]
[Date "2001.03.11"]
[Round "7"]
[White "Soergel, Thomas"]
[Black "Zankl, Thomas"]
[Result "1-0"]
[WhiteElo "2080"]
[BlackElo "1995"]
[PlyCount "59"]
[EventDate "2000.10.15"]
[EventType "team-tourn"]
[EventRounds "9"]
[EventCountry "GER"]
[SourceTitle "EXT 2020"]
[Source "ChessBase"]
[SourceDate "2019.10.17"]
[SourceVersion "1"]
[SourceVersionDate "2019.10.17"]
[SourceQuality "1"]
[WhiteTeam "Graefelfing SK"]
[BlackTeam "Pfarrkirchen SC"]
[WhiteTeamCountry "GER"]
[BlackTeamCountry "GER"]

1. c4 Nf6 2. d4 g6 3. Nc3 Bg7 4. e4 d6 5. Be2 0-0 6. Be3 e5 7. d5 Nbd7 8. f3 Nh5 9. Qd2 f5 10. Bg5 Bf6 11. Nh3 f4 12. Bxf6 Qxf6 13. 0-0-0 Nc5 14. Nf2 a5 15. Rdg1 Bd7 16. g4 Ng7 17. h4 Qe7 18. Bd1 a4 19. h5 Kf7 20. h6 Ne8 21. g5 c6 22. Nd3 b5 23. Nxc5 dxc5 24. dxc6 Bxc6 25. cxb5 Bb7 26. Bxa4 Nd6 27. Rd1 Rfd8 28. Nd5 Qe6 29. Qc2 Bxd5 30. Rxd5 1-0

[Event "Landesliga Sued 9900"]
[Site "Bayern"]
[Date "1999.12.12"]
[Round "3.8"]
[White "Zankl, Thomas"]
[Black "Schnalzger, Klaus"]
[Result "0-1"]
[WhiteElo "1990"]
[BlackElo "1930"]
[PlyCount "64"]
[EventDate "1999.10.10"]
[EventType "team-tourn"]
[EventRounds "9"]
[EventCountry "GER"]
[SourceTitle "EXT 2020"]
[Source "ChessBase"]
[SourceDate "2019.10.17"]
[SourceVersion "1"]
[SourceVersionDate "2019.10.17"]
[SourceQuality "1"]
[WhiteTeam "Pfarrkirchen SC"]
[BlackTeam "Kriegshaber SK"]
[WhiteTeamCountry "GER"]
[BlackTeamCountry "GER"]

1. d4 f5 2. Bg5 c6 3. e3 g6 4. Bd3 Bg7 5. Nd2 d6 6. h4 h6 7. Bf4 e5 8. Bg3 Qe7 9. Qe2 Nf6 10. Nc4 Nh5 11. Bh2 b5 12. Na5 0-0 13. c3 Qd8 14. Nb3 a5 15. g4 fxg4 16. Bxg6 Qxh4 17. Bxh5 Qxh5 18. 0-0-0 a4 19. Nd2 Qf7 20. Kb1 Qxf2 21. Ka1 a3 22. Qxf2 axb2+ 23. Kxb2 Rxf2 24. Bg3 Rg2 25. Be1 b4 26. cxb4 exd4 27. Kb3 dxe3 28. Nc4 Be6 29. Bc3 Bxc4+ 30. Kxc4 Rc2 31. Rd3 Ra3 32. Ne2 Na6 0-1

[Event "Landesliga Sued 9900"]
[Site "Bayern"]
[Date "1999.10.10"]
[Round "1.8"]
[White "Zankl, Thomas"]
[Black "Ruether, Rudolf"]
[Result "0-1"]
[WhiteElo "1990"]
[BlackElo "2075"]
[PlyCount "66"]
[EventDate "1999.10.10"]
[EventType "team-tourn"]
[EventRounds "9"]
[EventCountry "GER"]
[SourceTitle "EXT 2020"]
[Source "ChessBase"]
[SourceDate "2019.10.17"]
[SourceVersion "1"]
[SourceVersionDate "2019.10.17"]
[SourceQuality "1"]
[WhiteTeam "Pfarrkirchen SC"]
[BlackTeam "Muenchen Siemens"]
[WhiteTeamCountry "GER"]
[BlackTeamCountry "GER"]

1. d4 Nf6 2. c4 g6 3. Nc3 Bg7 4. e4 d6 5. Be2 0-0 6. Nf3 e5 7. 0-0 Nc6 8. d5 Ne7 9. Nd2 Nd7 10. b4 f5 11. f3 Rf7 12. Nb3 Nf6 13. c5 f4 14. Ba3 g5 15. Rc1 Ng6 16. Rf2 Bf8 17. Na5 Rg7 18. c6 b6 19. Nb7 Qe8 20. Bb2 Nh4 21. g3 g4 22. gxh4 gxf3+ 23. Kf1 fxe2+ 24. Qxe2 Bg4 25. Qc4 Qg6 26. Ne2 Nxe4 27. Nxf4 exf4 28. Bxg7 Bxg7 29. Rcc2 Bh3+ 30. Ke2 Nxf2 31. Kxf2 Qg2+ 32. Ke1 Qg1+ 33. Kd2 Qe3+ 0-1

[Event "Passau op 7th"]
[Site "Passau"]
[Date "1999.04.05"]
[Round "7"]
[White "Kunz, Konstantin"]
[Black "Zankl, Thomas"]
[Result "1-0"]
[WhiteElo "2186"]
[BlackElo "1987"]
[PlyCount "99"]
[EventDate "1999.04.02"]
[EventType "swiss"]
[EventRounds "7"]
[EventCountry "GER"]
[SourceTitle "EXT 2000"]
[Source "ChessBase"]
[SourceDate "1999.11.16"]
[SourceVersion "1"]
[SourceVersionDate "1999.11.16"]
[SourceQuality "1"]

1. b3 d5 2. Bb2 Bf5 3. e3 e6 4. Be2 Nf6 5. g4 Bg6 6. h4 h5 7. g5 Nfd7 8. d3 Nc6 9. Nd2 Qe7 10. a3 e5 11. Nf1 f6 12. Nh3 Bf7 13. Ng3 g6 14. gxf6 Nxf6 15. Ng5 Bh6 16. Nxf7 Qxf7 17. b4 a6 18. a4 Qe7 19. c3 0-0 20. b5 Nd8 21. Ba3 Qd7 22. Bxf8 Bxf8 23. bxa6 Rxa6 24. d4 Re6 25. Qc2 e4 26. c4 c6 27. cxd5 cxd5 28. Qb3 Qc7 29. Kf1 Rb6 30. Qa2 Qc3 31. Rb1 Rb4 32. Rxb4 Bxb4 33. Kg2 Kh7 34. Bb5 Ne6 35. Ne2 Qc8 36. Ng3 Qc3 37. Be2 Bd6 38. Rb1 Bxg3 39. Rb3 Qe1 40. fxg3 Ng4 41. Bxg4 hxg4 42. Qf2 Qa5 43. Rxb7+ Kh6 44. Re7 Qa6 45. Kg1 Qb6 46. a5 Qc6 47. Kg2 Ng7 48. Qf4+ Kh7 49. Qc7 Qf6 50. Rf7 1-0

[Event "Passau op 7th"]
[Site "Passau"]
[Date "1999.04.04"]
[Round "6"]
[White "Zankl, Thomas"]
[Black "Auerweck, Robert"]
[Result "1/2-1/2"]
[WhiteElo "1987"]
[BlackElo "1769"]
[PlyCount "47"]
[EventDate "1999.04.02"]
[EventType "swiss"]
[EventRounds "7"]
[EventCountry "GER"]
[SourceTitle "EXT 2000"]
[Source "ChessBase"]
[SourceDate "1999.11.16"]
[SourceVersion "1"]
[SourceVersionDate "1999.11.16"]
[SourceQuality "1"]

1. d4 d5 2. c4 c6 3. Nf3 Nf6 4. Nc3 g6 5. Bg5 Bg7 6. e3 0-0 7. Rc1 Ne4 8. Nxe4 dxe4 9. Nd2 f5 10. Be2 Nd7 11. Qb3 Nf6 12. c5+ Kh8 13. h4 Nd5 14. h5 Qe8 15. Nc4 Rb8 16. hxg6 Qxg6 17. Bh4 Be6 18. Qa4 a6 19. Kd2 f4 20. Rcf1 Rbd8 21. Ke1 fxe3 22. fxe3 Rxf1+ 23. Bxf1 Bf6 24. Bxf6+ 1/2-1/2

[Event "Passau op 7th"]
[Site "Passau"]
[Date "1999.04.02"]
[Round "2"]
[White "Zankl, Thomas"]
[Black "Kuebler, Uwe"]
[Result "1-0"]
[WhiteElo "1987"]
[BlackElo "1979"]
[PlyCount "105"]
[EventDate "1999.04.02"]
[EventType "swiss"]
[EventRounds "7"]
[EventCountry "GER"]
[SourceTitle "EXT 2000"]
[Source "ChessBase"]
[SourceDate "1999.11.16"]
[SourceVersion "1"]
[SourceVersionDate "1999.11.16"]
[SourceQuality "1"]

1. d4 d5 2. c4 e6 3. Nc3 Nf6 4. Bg5 Be7 5. e3 0-0 6. Nf3 Nbd7 7. Rc1 c6 8. Qc2 h6 9. Bh4 Ne4 10. Nxe4 Bxh4 11. Nxh4 Qxh4 12. Nd6 dxc4 13. Bxc4 Qe7 14. Ne4 Nb6 15. Bd3 e5 16. Qc5 Qxc5 17. dxc5 Nd5 18. a3 Bf5 19. Ke2 Bxe4 20. Bxe4 Nf6 21. Bb1 Rfd8 22. Rhd1 Kf8 23. Rd3 Rxd3 24. Bxd3 Rd8 25. f3 Nd5 26. Bc4 Ke7 27. Rd1 f5 28. h3 Nf6 29. Rxd8 Kxd8 30. Be6 f4 31. exf4 exf4 32. Kd3 Ke7 33. Bc4 b6 34. Kd4 b5 35. Ba2 Nd7 36. b4 Kf6 37. Ke4 g5 38. Bb3 h5 39. a4 a5 40. axb5 axb4 41. bxc6 Nxc5+ 42. Kd5 Ne6 43. Kd6 Nd4 44. Bc4 b3 45. Bxb3 Nb5+ 46. Kd7 Ke5 47. c7 Nxc7 48. Kxc7 Kd4 49. Bf7 h4 50. Kd6 Ke3 51. Bh5 Kf2 52. Ke5 Kxg2 53. Bg4 1-0